[Event "EU-ch Seniors 65 17th"]
[Site "Sabadell"]
[Date "2017.08.19"]
[Round "8"]
[White "Renman, Nils Gustaf"]
[Black "Giorgadze, Tamaz"]
[Result "0-1"]
[WhiteElo "2353"]
[BlackElo "2504"]
[PlyCount "130"]
[EventDate "2017.08.12"]
[EventType "swiss"]
[EventRounds "9"]
[EventCountry "ESP"]
[SourceTitle "CBM 180 Extra"]
[Source "ChessBase"]
[SourceDate "2017.10.06"]
[SourceVersion "1"]
[SourceVersionDate "2017.10.06"]
[SourceQuality "1"]

1. d4 c5 2. c3 e6 3. Nf3 Nf6 4. Bf4 b6 5. e3 Be7 6. h3 0-0 7. Nbd2 d6 8. Bd3 Ba6 9. Bxa6 Nxa6 10. Qe2 Qc8 11. 0-0 Rd8 12. a4 Qb7 13. Bg3 Rac8 14. Rfd1 Nb8 15. Ne1 Nc6 16. Nef3 a6 17. Kf1 h6 18. Bh2 Ra8 19. Nc4 d5 20. Nce5 Nxe5 21. Bxe5 c4 22. Bxf6 Bxf6 23. b4 cxb3 24. Rdb1 Rdc8 25. Rxb3 Rc6 26. Rab1 Qc7 27. Qb2 Rb8 28. g3 g6 29. Kg2 Rc4 30. Rb4 Rc6 31. Rb3 a5 32. Rb5 Rc8 33. Qa2 Rd6 34. R1b3 Qc4 35. Nd2 Qe2 36. Rb2 Qd3 37. Rxb6 Rxb6 38. Rxb6 Rxc3 39. Rb3 Rc2 40. Rb2 Rc1 41. Rb1 Rxb1 42. Nxb1 Be7 43. Nd2 Bb4 44. Nf3 f6 45. Ng1 Qd1 46. Ne2 Qd3 47. g4 Kf7 48. Ng3 Qd1 49. Ne2 g5 50. Ng3 Ke7 51. Qe2 Qxa4 52. Qd3 Qe8 53. e4 Qc6 54. e5 fxe5 55. dxe5 Kd8 56. Qg6 a4 57. Nf5 d4+ 58. Kh2 Qd5 59. Qf6+ Kc8 60. Ng7 d3 61. Nxe6 d2 62. Qh8+ Kd7 63. Qd8+ Kxe6 64. Qe8+ Be7 65. Qg8+ Kxe5 0-1

[Event "Malaga op"]
[Site "Malaga"]
[Date "1991.??.??"]
[Round "3"]
[White "Giorgadze, Tamaz"]
[Black "Den Boer, Ber"]
[Result "1/2-1/2"]
[WhiteElo "2525"]
[BlackElo "2310"]
[PlyCount "48"]
[EventDate "1991.??.??"]
[EventType "swiss"]
[EventRounds "9"]
[EventCountry "ESP"]
[SourceTitle "EXT 1997"]
[Source "ChessBase"]
[SourceDate "1996.11.15"]
[SourceVersion "1"]
[SourceVersionDate "1996.11.15"]
[SourceQuality "1"]

1. c4 Nf6 2. Nc3 d5 3. cxd5 Nxd5 4. g3 g6 5. Bg2 Nb6 6. b3 Bg7 7. Bb2 0-0 8. Nf3 Nc6 9. 0-0 a5 10. d3 h6 11. a3 Be6 12. Nd2 Nd5 13. Na4 Bxb2 14. Nxb2 Nc3 15. Qe1 Nd4 16. Bf3 Bh3 17. Rc1 Nxf3+ 18. Nxf3 Nd5 19. Qd2 Bxf1 20. Qxh6 Bxe2 21. Rc4 Bxf3 22. Rh4 Bh5 23. Rxh5 gxh5 24. Qg5+ Kh7 1/2-1/2

[Event "ESP-chT"]
[Site "Linares"]
[Date "1991.??.??"]
[Round "?"]
[White "Giorgadze, Tamaz"]
[Black "Milos, Gilberto"]
[Result "1-0"]
[WhiteElo "2525"]
[BlackElo "2530"]
[PlyCount "60"]
[EventDate "1991.??.??"]
[EventType "team"]
[EventRounds "8"]
[EventCountry "ESP"]
[SourceTitle "EXT 2000"]
[Source "ChessBase"]
[SourceDate "1999.11.16"]
[SourceVersion "1"]
[SourceVersionDate "1999.11.16"]
[SourceQuality "1"]

1. d4 Nf6 2. c4 e6 3. g3 Bb4+ 4. Bd2 Bxd2+ 5. Qxd2 0-0 6. Bg2 d5 7. Nf3 Qe7 8. 0-0 Rd8 9. Qc2 Nc6 10. cxd5 exd5 11. Nc3 Bg4 12. e3 Nb4 13. Qb3 c6 14. a3 Na6 15. Qc2 Nc7 16. b4 Bxf3 17. Bxf3 Ne6 18. Bg2 h5 19. h3 Ng5 20. Rac1 a6 21. Qe2 h4 22. gxh4 Nge4 23. Nxe4 Nxe4 24. Bxe4 Qxe4 25. Qg4 Qh7 26. Kh2 Re8 27. Rg1 Rad8 28. Rg2 Re4 29. Qg5 Rf8 30. h5 f6 1-0

[Event "Seville op"]
[Site "Seville"]
[Date "1990.??.??"]
[Round "?"]
[White "Giorgadze, Tamaz"]
[Black "Granda Zuniga, Julio E"]
[Result "1/2-1/2"]
[WhiteElo "2520"]
[BlackElo "2510"]
[PlyCount "96"]
[EventDate "1990.??.??"]
[EventType "swiss"]
[EventRounds "9"]
[EventCountry "ESP"]
[SourceTitle "EXT 1997"]
[Source "ChessBase"]
[SourceDate "1996.11.15"]
[SourceVersion "1"]
[SourceVersionDate "1996.11.15"]
[SourceQuality "1"]

1. c4 c5 2. g3 Nf6 3. Bg2 Nc6 4. Nc3 e6 5. Nf3 d5 6. cxd5 exd5 7. d4 Be7 8. 0-0 cxd4 9. Nxd4 0-0 10. Bf4 Bg4 11. h3 Be6 12. e3 Rc8 13. g4 Nxd4 14. Qxd4 Bc5 15. Qd3 d4 16. exd4 Bxd4 17. Rfd1 Bxc3 18. bxc3 Qxd3 19. Rxd3 b6 20. a4 Nd7 21. a5 Nc5 22. Rdd1 b5 23. a6 Na4 24. Be3 Nxc3 25. Rd2 Rc7 26. Bb6 axb6 27. a7 g5 28. a8Q Rxa8 29. Rxa8+ Kg7 30. Ra6 Na4 31. Kh2 Kf6 32. Bf1 Rc5 33. Bxb5 Rxb5 34. Rxa4 Rc5 35. Rb2 b5 36. Ra5 Bc4 37. Rc2 Rc6 38. Kg3 Rd6 39. Rc3 Rd4 40. Re3 Kg7 41. h4 h5 42. f3 hxg4 43. hxg5 gxf3 44. Rxf3 Rd5 45. Kh4 Rd4+ 46. Kg3 Rd5 47. Kh4 Rd4+ 48. Kg3 Rd5 1/2-1/2

[Event "Dortmund op"]
[Site "Dortmund"]
[Date "1990.??.??"]
[Round "11"]
[White "Grivas, Efstratios"]
[Black "Giorgadze, Tamaz"]
[Result "0-1"]
[WhiteElo "2445"]
[BlackElo "2485"]
[PlyCount "78"]
[EventDate "1990.04.??"]
[EventType "swiss"]
[EventRounds "11"]
[EventCountry "GER"]
[SourceTitle "EXT 1997"]
[Source "ChessBase"]
[SourceDate "1996.11.15"]
[SourceVersion "1"]
[SourceVersionDate "1996.11.15"]
[SourceQuality "1"]

1. d4 d5 2. c4 e6 3. Nc3 Bb4 4. e3 Nf6 5. a3 Bxc3+ 6. bxc3 0-0 7. cxd5 exd5 8. Bd3 b6 9. Ne2 Ba6 10. 0-0 Qc8 11. Bb1 c5 12. f3 Nc6 13. Re1 Re8 14. Ng3 Qd7 15. a4 Bc4 16. Bd3 cxd4 17. cxd4 g6 18. Bb2 Rad8 19. Bc3 a6 20. Bc2 b5 21. Qd2 Qd6 22. axb5 axb5 23. Rad1 b4 24. Bb2 b3 25. Bb1 Nd7 26. e4 Nb6 27. e5 Qf8 28. f4 f5 29. exf6 Qxf6 30. f5 Na4 31. Ba1 Kg7 32. fxg6 hxg6 33. Nf1 Rxe1 34. Rxe1 Rb8 35. Qd1 Rf8 36. Ng3 b2 37. Bxb2 Nxb2 38. Qc1 Nxd4 39. h3 Qf2+ 0-1

[Event "Seville op"]
[Site "Seville"]
[Date "1989.??.??"]
[Round "?"]
[White "Giorgadze, Tamaz"]
[Black "Eslon, Jaan"]
[Result "1-0"]
[WhiteElo "2510"]
[BlackElo "2365"]
[PlyCount "79"]
[EventDate "1989.??.??"]
[EventType "swiss"]
[EventRounds "9"]
[EventCountry "ESP"]
[SourceTitle "EXT 1997"]
[Source "ChessBase"]
[SourceDate "1996.11.15"]
[SourceVersion "1"]
[SourceVersionDate "1996.11.15"]
[SourceQuality "1"]

1. d4 Nf6 2. c4 e6 3. Nc3 d5 4. cxd5 exd5 5. Bg5 c6 6. e3 Be7 7. Qc2 Nbd7 8. Bd3 0-0 9. Nge2 Re8 10. 0-0 Nf8 11. f3 Nh5 12. Bxe7 Qxe7 13. e4 dxe4 14. fxe4 Be6 15. Rf2 Nf6 16. h3 Ng6 17. Raf1 Rf8 18. a3 Rad8 19. b4 b6 20. Qd2 c5 21. bxc5 bxc5 22. d5 Bc8 23. Ng3 Ne8 24. Nf5 Qe5 25. Ne2 Nd6 26. Nxd6 Qxd6 27. Nf4 Ne5 28. Be2 Bd7 29. Qc3 c4 30. Nh5 Rde8 31. Kh1 Qc5 32. Rf6 Re7 33. R1f3 Nxf3 34. Bxf3 Qf2 35. d6 Qf1+ 36. Kh2 Ree8 37. Rg6 f6 38. Rxg7+ Kh8 39. Rxd7 Qd3 40. Nxf6 1-0

[Event "Salamanca"]
[Site "Salamanca"]
[Date "1989.??.??"]
[Round "?"]
[White "Giorgadze, Tamaz"]
[Black "Franco Ocampos, Zenon"]
[Result "1-0"]
[WhiteElo "2510"]
[BlackElo "2490"]
[PlyCount "75"]
[EventDate "1989.04.??"]
[EventType "tourn"]
[EventRounds "11"]
[EventCountry "ESP"]
[EventCategory "9"]
[SourceTitle "CBM 013"]
[Source "ChessBase"]
[SourceDate "1989.12.01"]
[SourceVersion "1"]
[SourceVersionDate "1989.12.01"]
[SourceQuality "1"]

1. Nf3 c5 2. c4 Nf6 3. Nc3 Nc6 4. g3 e5 5. Bg2 d6 6. d3 g6 7. 0-0 Bg7 8. a3 0-0 9. Rb1 a5 10. Ne1 Be6 11. Bg5 h6 12. Bxf6 Bxf6 13. Nc2 Rc8 14. b4 axb4 15. axb4 b6 16. b5 Ne7 17. Ne3 Bg7 18. Ned5 Nxd5 19. Bxd5 Bd7 20. Qc2 Kh8 21. Ra1 f5 22. Ra7 e4 23. dxe4 f4 24. e5 Bf5 25. Be4 Bxe5 26. Bxf5 Rxf5 27. Kg2 Ra8 28. Rxa8 Qxa8+ 29. Nd5 h5 30. Qe4 Kg7 31. f3 Qd8 32. e3 fxe3 33. Nxe3 Rf7 34. Nd5 Ra7 35. f4 Bd4 36. f5 Qg5 37. f6+ Kh7 38. f7 1-0

[Event "Salamanca"]
[Site "Salamanca"]
[Date "1989.??.??"]
[Round "?"]
[White "Giorgadze, Tamaz"]
[Black "Kudrin, Sergey"]
[Result "1/2-1/2"]
[WhiteElo "2510"]
[BlackElo "2550"]
[PlyCount "115"]
[EventDate "1989.04.??"]
[EventType "tourn"]
[EventRounds "11"]
[EventCountry "ESP"]
[EventCategory "9"]
[SourceTitle "CBM 013"]
[Source "ChessBase"]
[SourceDate "1989.12.01"]
[SourceVersion "1"]
[SourceVersionDate "1989.12.01"]
[SourceQuality "1"]

1. f4 d6 2. d4 d5 3. Nf3 g6 4. e3 Bg7 5. Bd3 Nf6 6. 0-0 Bf5 7. c4 e6 8. Be2 Bxb1 9. Rxb1 c6 10. b4 a6 11. a4 0-0 12. Qb3 Nbd7 13. Bd2 Ng4 14. Rfc1 Re8 15. Bd3 f5 16. b5 axb5 17. cxb5 cxb5 18. Bxb5 Ngf6 19. Qc2 Bf8 20. Qc7 Re7 21. a5 Ne4 22. Qxd8 Rxd8 23. Be1 Ndf6 24. Rc2 Ra8 25. Ne5 Rg7 26. Rbc1 Nd6 27. Bd3 Nfe8 28. h3 Be7 29. g4 Bd8 30. Rc5 b6 31. axb6 Bxb6 32. Rc6 Ba5 33. Bxa5 Rxa5 34. Rb6 Ra8 35. Rcc6 Rd8 36. Kf2 Rc7 37. Ra6 Rxc6 38. Nxc6 Rd7 39. Ra8 Kg7 40. g5 Kf8 41. h4 Rc7 42. Ne5 Rc8 43. Ra6 Ke7 44. Ra1 Rc7 45. h5 gxh5 46. Ra6 Nc4 47. Rc6 Rxc6 48. Nxc6+ Kd6 49. Ne5 Nxe5 50. fxe5+ Ke7 51. Kg3 Kf7 52. Kh4 Kg6 53. Be2 Ng7 54. Bd3 h6 55. gxh6 Kxh6 56. Bc2 Kg6 57. Bd3 Kh6 58. Bc2 1/2-1/2

[Event "Salamanca"]
[Site "Salamanca"]
[Date "1989.??.??"]
[Round "?"]
[White "Giorgadze, Tamaz"]
[Black "Polgar, Judit"]
[Result "1/2-1/2"]
[WhiteElo "2510"]
[BlackElo "2555"]
[PlyCount "94"]
[EventDate "1989.04.??"]
[EventType "tourn"]
[EventRounds "11"]
[EventCountry "ESP"]
[EventCategory "9"]
[SourceTitle "CBM 013"]
[Source "ChessBase"]
[SourceDate "1989.12.01"]
[SourceVersion "1"]
[SourceVersionDate "1989.12.01"]
[SourceQuality "1"]

1. d4 Nf6 2. c4 c5 3. d5 b5 4. cxb5 a6 5. e3 Bb7 6. Nc3 Qa5 7. Bd2 axb5 8. Bxb5 Qb6 9. Nf3 Nxd5 10. Nxd5 Bxd5 11. a4 e6 12. Bc3 Bc6 13. Be2 d5 14. Ne5 Bd6 15. 0-0 0-0 16. Nc4 Qc7 17. Nxd6 Qxd6 18. Qc2 e5 19. Rfc1 Rc8 20. Be1 Nd7 21. b4 cxb4 22. Bb5 Bb7 23. Qb3 Nc5 24. Qxb4 d4 25. exd4 Qd5 26. Bf1 exd4 27. Rd1 d3 28. Bd2 Ra6 29. Bf4 Rg6 30. Bg3 h5 31. h3 Re6 32. f3 Rf6 33. Rd2 Rg6 34. Bf2 Na6 35. Qf4 Rc3 36. Rad1 Nc5 37. Kh1 Ba6 38. Bxc5 Qxc5 39. Bxd3 Bxd3 40. Rxd3 Rxd3 41. Rxd3 Qf2 42. Rd2 Qe1+ 43. Kh2 h4 44. Rd8+ Kh7 45. Rd4 Rxg2+ 46. Kxg2 Qe2+ 47. Kg1 Qe1+ 1/2-1/2

[Event "Salamanca"]
[Site "Salamanca"]
[Date "1989.??.??"]
[Round "?"]
[White "Gomez Esteban, Juan Mario"]
[Black "Giorgadze, Tamaz"]
[Result "0-1"]
[WhiteElo "2460"]
[BlackElo "2510"]
[PlyCount "88"]
[EventDate "1989.04.??"]
[EventType "tourn"]
[EventRounds "11"]
[EventCountry "ESP"]
[EventCategory "9"]
[SourceTitle "CBM 013"]
[Source "ChessBase"]
[SourceDate "1989.12.01"]
[SourceVersion "1"]
[SourceVersionDate "1989.12.01"]
[SourceQuality "1"]

1. c4 e6 2. Nc3 f5 3. e4 fxe4 4. Nxe4 Nf6 5. Bd3 Nc6 6. Nf3 g6 7. Nxf6+ Qxf6 8. Be4 Bg7 9. 0-0 0-0 10. Rb1 a5 11. d3 d6 12. Bd2 Qd8 13. Bg5 Qd7 14. a3 Qf7 15. Be3 Ne7 16. d4 Nf5 17. d5 Nxe3 18. fxe3 Qe7 19. Qd3 exd5 20. Qxd5+ Kh8 21. Rfe1 c6 22. Qd3 Bg4 23. Nd2 Be5 24. Nf3 Bg7 25. Nd2 Rae8 26. Bf3 Bf5 27. e4 Be6 28. g3 Qf6 29. Bg2 Qd4+ 30. Qxd4 Bxd4+ 31. Kh1 Rf2 32. Nb3 Bb6 33. Rec1 a4 34. c5 dxc5 35. Nxc5 Bxc5 36. Rxc5 Ba2 37. Rbc1 Rxb2 38. R5c2 Rxc2 39. Rxc2 Be6 40. Rd2 Re7 41. Kg1 Kg7 42. Kf2 Rd7 43. Rb2 Kf6 44. Ke3 Bc4 0-1

[Event "Salamanca"]
[Site "Salamanca"]
[Date "1989.??.??"]
[Round "?"]
[White "Rivas Pastor, Manuel"]
[Black "Giorgadze, Tamaz"]
[Result "1/2-1/2"]
[WhiteElo "2505"]
[BlackElo "2510"]
[PlyCount "23"]
[EventDate "1989.04.??"]
[EventType "tourn"]
[EventRounds "11"]
[EventCountry "ESP"]
[EventCategory "9"]
[SourceTitle "CBM 013"]
[Source "ChessBase"]
[SourceDate "1989.12.01"]
[SourceVersion "1"]
[SourceVersionDate "1989.12.01"]
[SourceQuality "1"]

1. d4 Nf6 2. c4 c5 3. d5 b5 4. cxb5 a6 5. bxa6 Bxa6 6. Nc3 d6 7. e4 Bxf1 8. Kxf1 g6 9. g3 Bg7 10. Kg2 0-0 11. Nf3 Nbd7 12. h3 1/2-1/2

[Event "Salamanca"]
[Site "Salamanca"]
[Date "1989.??.??"]
[Round "?"]
[White "Sion Castro, Marcelino"]
[Black "Giorgadze, Tamaz"]
[Result "0-1"]
[WhiteElo "2315"]
[BlackElo "2510"]
[PlyCount "52"]
[EventDate "1989.04.??"]
[EventType "tourn"]
[EventRounds "11"]
[EventCountry "ESP"]
[EventCategory "9"]
[SourceTitle "CBM 013"]
[Source "ChessBase"]
[SourceDate "1989.12.01"]
[SourceVersion "1"]
[SourceVersionDate "1989.12.01"]
[SourceQuality "1"]

1. e4 g6 2. d4 Bg7 3. Nf3 c5 4. c4 cxd4 5. Nxd4 Nc6 6. Nc2 d6 7. Be2 Nf6 8. Nc3 Nd7 9. Qd2 0-0 10. 0-0 a5 11. b3 Nc5 12. f3 f5 13. exf5 gxf5 14. Bb2 f4 15. Rab1 Bf5 16. Nd5 e5 17. Rbd1 Re8 18. Na3 Re6 19. Rfe1 Qh4 20. Bf1 Rh6 21. h3 Rg6 22. Kh1 Qg3 23. Kg1 Qxf3 24. Qf2 Qxf2+ 25. Kxf2 Bf8 26. Nb5 Nb4 0-1

[Event "Malaga"]
[Site "Malaga"]
[Date "1987.??.??"]
[Round "?"]
[White "Giorgadze, Tamaz"]
[Black "Alvarez, R."]
[Result "1-0"]
[WhiteElo "2505"]
[BlackElo "2370"]
[PlyCount "83"]
[EventDate "1987.03.??"]
[EventType "tourn"]
[EventRounds "9"]
[EventCountry "ESP"]
[EventCategory "7"]
[SourceTitle "EXT 1997"]
[Source "ChessBase"]
[SourceDate "1996.11.15"]
[SourceVersion "1"]
[SourceVersionDate "1996.11.15"]
[SourceQuality "1"]

1. d4 Nf6 2. c4 e5 3. dxe5 Ng4 4. Nf3 Bc5 5. e3 Nc6 6. Be2 0-0 7. 0-0 Re8 8. Nc3 Ncxe5 9. Nxe5 Nxe5 10. Ne4 Bf8 11. Ng3 d6 12. f4 Nd7 13. e4 Nc5 14. Bf3 g6 15. Be3 Bg7 16. Bd4 Bxd4+ 17. Qxd4 Ne6 18. Qd2 Qf6 19. Ne2 Rb8 20. g3 b6 21. Rad1 Bb7 22. Nc3 Nc5 23. e5 dxe5 24. Bxb7 Nxb7 25. Nd5 Qd6 26. fxe5 Rxe5 27. Nf6+ Kg7 28. Qxd6 Nxd6 29. Nd7 Rbe8 30. Nxe5 Rxe5 31. b3 h5 32. Rfe1 Ra5 33. Re2 Nf5 34. Rd5 Ra3 35. Rd7 c5 36. Kg2 h4 37. g4 Nd4 38. Rf2 a5 39. g5 Nf5 40. Ra7 Kf8 41. Re2 Kg7 42. Ra8 1-0

[Event "Malaga"]
[Site "Malaga"]
[Date "1987.??.??"]
[Round "?"]
[White "Giorgadze, Tamaz"]
[Black "Rodriguez Cespedes, Amador"]
[Result "1-0"]
[WhiteElo "2505"]
[BlackElo "2560"]
[PlyCount "87"]
[EventDate "1987.03.??"]
[EventType "tourn"]
[EventRounds "9"]
[EventCountry "ESP"]
[EventCategory "7"]
[SourceTitle "EXT 1997"]
[Source "ChessBase"]
[SourceDate "1996.11.15"]
[SourceVersion "1"]
[SourceVersionDate "1996.11.15"]
[SourceQuality "1"]

1. d4 d5 2. c4 e6 3. Nc3 Nf6 4. Bg5 Be7 5. cxd5 exd5 6. e3 h6 7. Bh4 0-0 8. Bd3 b6 9. Nf3 Bb7 10. Ne5 Ne4 11. Bxe7 Qxe7 12. Qc2 Nf6 13. 0-0 c5 14. Rfd1 Nc6 15. Nxc6 Bxc6 16. dxc5 bxc5 17. Rac1 Qb7 18. Bf1 Rfd8 19. Ne2 Rac8 20. Qc3 Bb5 21. Qa3 Qa6 22. Qxa6 Bxa6 23. Nf4 Bxf1 24. Kxf1 c4 25. Rc2 Rb8 26. f3 Rd7 27. Kf2 Rdb7 28. Rdd2 h5 29. h4 Rb5 30. Ne2 g6 31. Nd4 R5b7 32. b3 Rc8 33. Rc3 Nd7 34. Ne2 Nb6 35. Rcc2 a5 36. bxc4 dxc4 37. Nc3 Rd7 38. Ke2 Rxd2+ 39. Rxd2 Rc6 40. e4 Kg7 41. Rb2 Nd7 42. Rb5 Rb6 43. Rxb6 Nxb6 44. Ke3 1-0

[Event "Malaga"]
[Site "Malaga"]
[Date "1987.??.??"]
[Round "?"]
[White "Reyes Larena, Juan"]
[Black "Giorgadze, Tamaz"]
[Result "1/2-1/2"]
[WhiteElo "2430"]
[BlackElo "2505"]
[PlyCount "33"]
[EventDate "1987.03.??"]
[EventType "tourn"]
[EventRounds "9"]
[EventCountry "ESP"]
[EventCategory "7"]
[SourceTitle "EXT 1997"]
[Source "ChessBase"]
[SourceDate "1996.11.15"]
[SourceVersion "1"]
[SourceVersionDate "1996.11.15"]
[SourceQuality "1"]

1. e4 c5 2. Nf3 Nc6 3. d4 cxd4 4. Nxd4 g6 5. Nc3 Bg7 6. Nb3 Nf6 7. Be2 0-0 8. 0-0 b6 9. f4 Bb7 10. Bf3 Rc8 11. Kh1 d6 12. Be3 Qc7 13. Qd2 Qb8 14. Nd5 Rfe8 15. c3 Nd7 16. Bg1 Bh6 17. Qf2 1/2-1/2

[Event "Lvov Int"]
[Site "Lvov"]
[Date "1986.??.??"]
[Round "?"]
[White "Giorgadze, Tamaz"]
[Black "Kupreichik, Viktor D"]
[Result "0-1"]
[WhiteElo "2505"]
[BlackElo "2490"]
[PlyCount "88"]
[EventDate "1986.02.??"]
[EventType "tourn"]
[EventRounds "11"]
[EventCountry "URS"]
[EventCategory "9"]
[SourceTitle "EXT 1997"]
[Source "ChessBase"]
[SourceDate "1996.11.15"]
[SourceVersion "1"]
[SourceVersionDate "1996.11.15"]
[SourceQuality "1"]

1. d4 Nf6 2. c4 e6 3. Nf3 d5 4. Nc3 Bb4 5. cxd5 exd5 6. Bg5 h6 7. Bxf6 Qxf6 8. Qb3 c5 9. e3 0-0 10. dxc5 Bxc3+ 11. bxc3 Be6 12. Nd4 Nd7 13. Be2 Nxc5 14. Qb4 Rac8 15. 0-0 b6 16. Rac1 Ne4 17. Bd3 Rc5 18. Qa3 Ra5 19. Qb2 Rc8 20. Bb5 Qe7 21. f3 Nc5 22. Rfe1 Bd7 23. Bf1 Kf8 24. Qb1 g6 25. c4 Ra3 26. Nc6 Qf6 27. cxd5 Bxc6 28. dxc6 Rxc6 29. e4 Qd4+ 30. Kh1 Rd6 31. e5 Re6 32. Rcd1 Qf4 33. Qb2 Re3 34. Rxe3 Qxe3 35. h3 Qxe5 36. Qb4 Kg7 37. Bc4 Rd6 38. Re1 Qd4 39. Re7 Rf6 40. Rxa7 Rf4 41. Qxb6 Qxc4 42. Rc7 Qc1+ 43. Kh2 Rf5 44. Qd6 Qe3 0-1

[Event "Lvov Int"]
[Site "Lvov"]
[Date "1986.??.??"]
[Round "?"]
[White "Giorgadze, Tamaz"]
[Black "Novikov, Igor A"]
[Result "1/2-1/2"]
[WhiteElo "2505"]
[BlackElo "2490"]
[PlyCount "59"]
[EventDate "1986.02.??"]
[EventType "tourn"]
[EventRounds "11"]
[EventCountry "URS"]
[EventCategory "9"]
[SourceTitle "EXT 1997"]
[Source "ChessBase"]
[SourceDate "1996.11.15"]
[SourceVersion "1"]
[SourceVersionDate "1996.11.15"]
[SourceQuality "1"]

1. d4 Nf6 2. c4 e6 3. Nc3 Bb4 4. Nf3 c5 5. g3 Nc6 6. dxc5 Ne4 7. Bd2 Nxc3 8. Bxc3 Bxc3+ 9. bxc3 Qa5 10. Bg2 Qxc5 11. Nd2 0-0 12. 0-0 b6 13. Qa4 Bb7 14. Rfd1 Rfd8 15. Ne4 Qa5 16. Qxa5 Nxa5 17. Nd6 Rab8 18. Rab1 Kf8 19. Rb4 Ke7 20. a4 Bxg2 21. Kxg2 Nb7 22. Nxb7 Rxb7 23. a5 Rdb8 24. axb6 Rxb6 25. Ra4 a6 26. Kf3 Rc6 27. Ke3 Rb3 28. Rc1 Rb2 29. Rd1 Rc5 30. f4 1/2-1/2

[Event "Benalmadena Costa del Sol 26th"]
[Site "Benalmadena"]
[Date "1986.??.??"]
[Round "?"]
[White "Giorgadze, Tamaz"]
[Black "Romero Holmes, Alfonso"]
[Result "1-0"]
[WhiteElo "2505"]
[BlackElo "2455"]
[PlyCount "149"]
[EventDate "1986.04.01"]
[EventType "tourn"]
[EventRounds "11"]
[EventCountry "ESP"]
[SourceTitle "EXT 2021"]
[Source "ChessBase"]
[SourceDate "2020.10.23"]
[SourceVersion "1"]
[SourceVersionDate "2020.10.23"]
[SourceQuality "1"]

1. d4 Nf6 2. c4 e6 3. Nc3 Bb4 4. Nf3 c5 5. g3 b6 6. Bg2 Bb7 7. 0-0 Bxc3 8. bxc3 d6 9. d5 e5 10. Nh4 0-0 11. e4 Ne8 12. a4 a5 13. Qd3 Nd7 14. Bd2 Bc8 15. Bh3 Ndf6 16. Bxc8 Rxc8 17. Bg5 h6 18. Bd2 Nd7 19. Qe2 Kh7 20. Nf5 Ndf6 21. f4 Ng8 22. Ne3 Nef6 23. Qd3 Re8 24. f5 g5 25. Ng2 Kg7 26. Qe2 g4 27. Kf2 Kf8 28. Rh1 Ke7 29. h3 h5 30. Ke3 Kd7 31. Kd3 gxh3 32. Rxh3 Qe7 33. Bg5 Qf8 34. Ne1 Qg7 35. Nf3 Kc7 36. Rah1 Rb8 37. Qb2 Kb7 38. Qb5 Rec8 39. Qb1 Rc7 40. Qc1 Rcc8 41. Qd2 Kc7 42. Rh4 Kb7 43. R1h3 Rc7 44. Kc2 Qf8 45. Kb3 Qg7 46. Ka3 Ka7 47. Ne1 Rcc8 48. Nd3 Rc7 49. Nf2 Rbb7 50. Rh1 Rd7 51. Kb3 Rdc7 52. Kc2 Rd7 53. Qe3 Rdc7 54. Kd3 Rd7 55. Rg1 Qf8 56. Rhh1 Qe8 57. Bxf6 Nxf6 58. Qg5 Qe7 59. Qh4 Rb8 60. g4 hxg4 61. Nxg4 Nxg4 62. Qxe7 Rxe7 63. Rxg4 f6 64. Ke3 Kb7 65. Kf3 Kc7 66. Rg6 Rf7 67. Rgh6 Rbf8 68. Rh8 Rxh8 69. Rxh8 Rg7 70. Rf8 Rg1 71. Rf7+ Kc8 72. Rxf6 Kd7 73. Re6 Rc1 74. f6 Rxc3+ 75. Kg4 1-0